[Event "NCL978b Witney-Bristol2"]
[Site "Rd6"]
[Date "1998.01.25"]
[Round "6.6"]
[White "Buckley, Simon"]
[Black "Elliott, Sean"]
[Result "1/2-1/2"]
[WhiteElo "2105"]
[BlackElo "2064"]
[PlyCount "88"]
[EventDate "1998.01.25"]
[Source "4NCL"]
[SourceDate "1998.01.01"]

1. e4 c5 2. Nc3 Nc6 3. g3 g6 4. Bg2 Bg7 5. d3 d6 6. Nge2 e6 7. Be3 Nge7 8. d4
cxd4 9. Nxd4 a6 10. Qd2 O-O 11. O-O Qc7 12. Rad1 Ne5 13. b3 Ng4 14. Bg5 h6 15.
Bxe7 Qxe7 16. h3 Nf6 17. Na4 Qc7 18. c4 Bd7 19. Nc3 Rfd8 20. Rc1 Rac8 21. Nc2
b5 22. Ne3 Qb6 23. Rfd1 Bc6 24. Qd3 Kh7 25. Ne2 Qb7 26. e5 Bxg2 27. exf6 Be4
28. Qc3 Bf8 29. Qb2 b4 30. Nd4 Rc5 31. Qe2 e5 32. Ndc2 Bf3 33. Qd3 d5 34. Nxd5
Bxd5 35. Ne3 Ra5 36. Qd2 Qd7 37. Nxd5 Qxh3 38. Rc2 Bc5 39. Qd3 Bd4 40. Re1 Rc5
41. Re4 Rdxd5 42. cxd5 Rxc2 43. Qxc2 Qxg3+ 44. Kf1 Qh3+ 1/2-1/2

[Event "NCL978b Witney-Bristol2"]
[Site "Rd6"]
[Date "1998.01.25"]
[Round "6.7"]
[White "Moxley, Carl"]
[Black "Dilleigh, Steven"]
[Result "1/2-1/2"]
[WhiteElo "1920"]
[BlackElo "2000"]
[PlyCount "75"]
[EventDate "1998.01.25"]
[Source "4NCL"]
[SourceDate "1998.01.01"]

1. d4 Nf6 2. Nf3 g6 3. Bg5 Bg7 4. Nbd2 d5 5. e3 O-O 6. Bd3 Nbd7 7. O-O c5 8. c3
b6 9. Qb1 Bb7 10. b4 cxd4 11. cxd4 Ne8 12. Qb2 Nd6 13. Rac1 Nf6 14. Rc2 Rc8 15.
Rfc1 Rxc2 16. Rxc2 Qb8 17. Ne5 Rc8 18. b5 Rxc2 19. Qxc2 Bc8 20. Nc6 Qb7 21. a4
Bf5 22. Bxf5 Nxf5 23. Qb3 e6 24. Bf4 Ne7 25. Qc3 Nc8 26. f3 Bf8 27. e4 Qd7 28.
e5 Ne8 29. Bg5 Be7 30. Bxe7 Nxe7 31. Nb8 Qc8 32. Qxc8 Nxc8 33. Kf2 f5 34. f4
Kf7 35. Nc6 Nc7 36. Nf3 h6 37. Nb4 Ne7 38. h3 1/2-1/2

[Event "NCL978b Witney-Bristol2"]
[Site "Rd6"]
[Date "1998.01.25"]
[Round "6.8"]
[White "Tidman, Sophie"]
[Black "Headlong, Fenella"]
[Result "1/2-1/2"]
[WhiteElo "1576"]
[BlackElo "1824"]
[PlyCount "24"]
[EventDate "1998.01.25"]
[Source "4NCL"]
[SourceDate "1998.01.01"]

1. e4 e5 2. Nf3 Nc6 3. d4 exd4 4. Nxd4 Nf6 5. Nxc6 bxc6 6. Bd3 Bc5 7. Bg5 h6 8.
Bh4 Qe7 9. Qe2 d6 10. Nd2 Rb8 11. Nb3 Bb6 12. c3 Bd7 1/2-1/2

[Event "NCL978b Kings Head-Simpsons"]
[Site "Rd6"]
[Date "1998.01.25"]
[Round "6.1"]
[White "Thomas, Richard"]
[Black "Hennigan, Michael"]
[Result "0-1"]
[WhiteElo "2310"]
[BlackElo "2415"]
[PlyCount "80"]
[EventDate "1998.01.25"]
[Source "4NCL"]
[SourceDate "1998.01.01"]

1. Nf3 Nf6 2. c4 g6 3. b3 Bg7 4. Bb2 O-O 5. g3 d6 6. Bg2 e5 7. Nc3 Nbd7 8. O-O
Ng4 9. h3 Nh6 10. d4 f5 11. dxe5 dxe5 12. Qd2 Nf7 13. Rad1 c6 14. e4 Bh6 15.
Qc2 f4 16. gxf4 Bxf4 17. Ne2 Qf6 18. Nxf4 Qxf4 19. Bc1 Qf6 20. c5 g5 21. Nh2
Qe7 22. Be3 Nf6 23. Qe2 Kh8 24. Rd2 Rg8 25. Ng4 Be6 26. Rfd1 Nd7 27. Rc1 Rg7
28. f3 h5 29. Nh2 Nf8 30. Nf1 Ng6 31. Ng3 Nf4 32. Qf1 Rag8 33. Rcc2 Kh7 34. Ne2
Nh8 35. Kh2 Nhg6 36. Qf2 Rf8 37. Ng1 g4 38. fxg4 hxg4 39. Qg3 Nh4 40. Bf1 gxh3
0-1

[Event "NCL978b Kings Head-Simpsons"]
[Site "Rd6"]
[Date "1998.01.25"]
[Round "6.2"]
[White "Tozer, Richard"]
[Black "McMichael, Rick"]
[Result "1-0"]
[WhiteElo "2305"]
[BlackElo "2200"]
[PlyCount "61"]
[EventDate "1998.01.25"]
[Source "4NCL"]
[SourceDate "1998.01.01"]

1. d4 f5 2. Bg5 d5 3. e3 Be6 4. c4 c6 5. cxd5 Bxd5 6. Nc3 h6 7. Bh4 g5 8. Nxd5
Qxd5 9. Qh5+ Kd8 10. Bxg5 f4 11. Nf3 Nd7 12. Bd3 Ngf6 13. Qh4 hxg5 14. Qxh8
Qa5+ 15. Ke2 Kc7 16. exf4 Nd5 17. Rhd1 Nxf4+ 18. Kf1 Nf6 19. Rac1 g4 20. Ne1
Rd8 21. d5 N4xd5 22. Bc4 Kb8 23. Nd3 Nb6 24. Ne5 Nxc4 25. Nxc4 Qc7 26. Rxd8+
Qxd8 27. Ne5 Qe8 28. Rd1 Nd5 29. Qxf8 Qxf8 30. Nd7+ Kc7 31. Nxf8 1-0

[Event "NCL978b Kings Head-Simpsons"]
[Site "Rd6"]
[Date "1998.01.25"]
[Round "6.3"]
[White "O'Shaughnessy, Conor"]
[Black "Mortazavi, Ali"]
[Result "0-1"]
[WhiteElo "2210"]
[BlackElo "2385"]
[PlyCount "64"]
[EventDate "1998.01.25"]
[Source "4NCL"]
[SourceDate "1998.01.01"]

1. b3 c5 2. Bb2 b6 3. c4 Bb7 4. Nf3 e6 5. d4 cxd4 6. Nxd4 Nf6 7. Nc3 a6 8. f3
Qc7 9. e4 Bd6 10. g3 h5 11. Bg2 Nc6 12. Nc2 Ne7 13. Qd2 Ng6 14. O-O-O Be7 15.
Kb1 h4 16. f4 h3 17. Bf3 O-O 18. Rhf1 d6 19. Nd4 Qd7 20. Bh1 b5 21. cxb5 axb5
22. Ndxb5 Nxe4 23. Bxe4 Bxe4+ 24. Nxe4 Qxb5 25. Qc3 f6 26. Qc2 Qa6 27. Nc3 f5
28. a4 Rfc8 29. Rfe1 d5 30. Qd3 Bb4 31. Re2 Bxc3 32. Bxc3 Rxc3 0-1

[Event "NCL978b Kings Head-Simpsons"]
[Site "Rd6"]
[Date "1998.01.25"]
[Round "6.4"]
[White "Black, Richard"]
[Black "Okike, David"]
[Result "1-0"]
[WhiteElo "2225"]
[BlackElo "2150"]
[PlyCount "127"]
[EventDate "1998.01.25"]
[Source "4NCL"]
[SourceDate "1998.01.01"]

1. e4 e6 2. d4 d5 3. Nd2 Nf6 4. e5 Nfd7 5. Bd3 b6 6. Ne2 c5 7. c3 Ba6 8. Nf3
Bxd3 9. Qxd3 Nc6 10. O-O Be7 11. Bd2 Qc7 12. Rac1 b5 13. Ne1 a5 14. Qg3 Bf8 15.
f4 g6 16. Be3 Ne7 17. Qf2 h5 18. dxc5 Nf5 19. b4 Nb8 20. a3 Nc6 21. Nf3 Be7 22.
Ned4 Nfxd4 23. Nxd4 Nxd4 24. cxd4 Qc6 25. bxa5 Rxa5 26. Qb2 Kd7 27. Rb1 Rb8 28.
Bd2 Ra4 29. Rf3 Qa6 30. Bb4 Kc6 31. g3 Qc8 {(Draw offer)} 32. h3 Qh8 33. Rb3
Qc8 34. Qe2 Ra7 35. Kg2 Bd8 36. Qd2 Qd7 37. Bc3 Qc8 38. Qd3 Qb7 39. g4 hxg4 40.
hxg4 Ra4 41. Rxb5 Qxb5 42. Rxb5 Rxb5 43. Bb4 Ra7 44. f5 gxf5 45. gxf5 Ba5 46.
fxe6 fxe6 47. Qg6 Re7 48. Qg8 Rbb7 49. Qa8 Bxb4 50. Qa6+ Kc7 51. axb4 Kb8 52.
Qd6+ Kc8 53. b5 Rg7+ 54. Kf1 Rbf7+ 55. Ke1 Kb7 56. Qa6+ Kb8 57. c6 Rh7 58. b6
Rh1+ 59. Kd2 Rf2+ 60. Ke3 Rf3+ 61. Kxf3 Rh3+ 62. Ke2 Rh2+ 63. Ke1 Rh1+ 64. Qf1
1-0

[Event "NCL978b Kings Head-Simpsons"]
[Site "Rd6"]
[Date "1998.01.25"]
[Round "6.5"]
[White "Gilfillan, Andrew"]
[Black "Hennigan, Rita"]
[Result "1-0"]
[WhiteElo "2096"]
[BlackElo "2225"]
[PlyCount "57"]
[EventDate "1998.01.25"]
[Source "4NCL"]
[SourceDate "1998.01.01"]

1. e4 c5 2. Nc3 Nc6 3. f4 g6 4. Nf3 Bg7 5. Bc4 e6 6. O-O Nge7 7. f5 gxf5 8. d3
a6 9. a4 Nd4 10. Bg5 h6 11. Bh4 Qc7 12. Bxe7 Kxe7 13. Nh4 Be5 14. Qh5 f4 15.
Rae1 b5 16. Nd5+ exd5 17. Bxd5 Rb8 18. Bxf7 Rb6 19. c3 Rf8 20. Bd5 Nc2 21. Re2
f3 22. Nxf3 Rbf6 23. Rxc2 Bf4 24. Re2 Bb7 25. Bxb7 Qxb7 26. Qxc5+ d6 27. Qb4
Kd8 28. axb5 axb5 29. Ra1 1-0

[Event "NCL978b Kings Head-Simpsons"]
[Site "Rd6"]
[Date "1998.01.25"]
[Round "6.6"]
[White "Chan, Nevil"]
[Black "Mackenzie, Colin"]
[Result "1-0"]
[WhiteElo "2016"]
[BlackElo "2056"]
[PlyCount "93"]
[EventDate "1998.01.25"]
[Source "4NCL"]
[SourceDate "1998.01.01"]

1. d4 e6 2. Nc3 d5 3. Nf3 c5 4. Bg5 f6 5. Bh4 cxd4 6. Qxd4 Nc6 7. Qd2 d4 8. Nd1
g5 9. Bg3 g4 10. Ng1 e5 11. e3 Bf5 12. Bc4 Nb4 13. Rc1 dxe3 14. Qxd8+ Rxd8 15.
Nxe3 Bh6 16. Bb3 Bxe3 17. fxe3 Rc8 18. Kd2 Be4 19. Ne2 Bxg2 20. Rhg1 Bf3 21.
Nc3 Ne7 22. Bh4 Rf8 23. Be6 Rd8+ 24. Ke1 Ng6 25. Bf2 h5 26. h3 f5 27. e4 Nf4
28. Bxf5 Nxh3 29. Rf1 Nxf2 30. Kxf2 Rd2+ 31. Kg3 Nxc2 32. Nd5 Rxf5 33. exf5
Bxd5 34. Kh4 Rh2+ 35. Kg5 g3 36. f6 g2 37. Rg1 h4 38. Rxc2 Rh1 39. Rcc1 Bc6 40.
Kf5 h3 41. Ke6 h2 42. f7+ Kf8 43. Rcd1 hxg1=Q 44. Rd8+ Kg7 45. f8=Q+ Kg6 46.
Qf5+ Kh6 47. Rh8+ 1-0

[Event "NCL978b Kings Head-Simpsons"]
[Site "Rd6"]
[Date "1998.01.25"]
[Round "6.7"]
[White "Compton, Alastair"]
[Black "Martin, Barry"]
[Result "1-0"]
[WhiteElo "1828"]
[BlackElo "2010"]
[PlyCount "57"]
[EventDate "1998.01.25"]
[Source "4NCL"]
[SourceDate "1998.01.01"]

1. e4 c5 2. d4 cxd4 3. c3 e6 4. Nf3 Be7 5. cxd4 b6 6. Nc3 Bb7 7. Bd3 Nf6 8. O-O
O-O 9. Re1 d5 10. e5 Ne8 11. Re3 g6 12. Ne2 Ng7 13. h4 Ba6 14. Ng5 Bxg5 15.
hxg5 Bxd3 16. Rxd3 Nf5 17. Ng3 Nxg3 18. Rxg3 Nc6 19. Rh3 Ne7 20. g4 Kg7 21. Qf3
Ng8 22. Bd2 a5 23. Qh1 Re8 24. Rxh7+ Kf8 25. Qf3 Re7 26. Kg2 Rb7 27. Rah1 Qe8
28. Qf6 Rbb8 29. Rh8 1-0

[Event "NCL978b Kings Head-Simpsons"]
[Site "Rd6"]
[Date "1998.01.25"]
[Round "6.8"]
[White "Houska, Mario"]
[Black "Suzuki, Layla"]
[Result "1-0"]
[WhiteElo "1624"]
[BlackElo "1120"]
[PlyCount "51"]
[EventDate "1998.01.25"]
[Source "4NCL"]
[SourceDate "1998.01.01"]

1. d4 d5 2. Bg5 g6 3. e3 Bg7 4. c3 Nf6 5. Bxf6 Bxf6 6. Bd3 Bg7 7. Ne2 O-O 8. h4
e5 9. dxe5 Bxe5 10. Qc2 Qf6 11. Nd2 c5 12. f4 Bd6 13. Ng3 Nc6 14. O-O-O d4 15.
Nde4 Qe6 16. Nxd6 Qxd6 17. Ne4 Qe7 18. h5 Bf5 19. Rde1 dxc3 20. bxc3 b6 21.
hxg6 fxg6 22. Bc4+ Kh8 23. Bd5 Rac8 24. c4 Qd8 25. Qc3+ Ne5 26. Qxe5+ 1-0

[Event "NCL978b Coulsdon-Guildford2"]
[Site "Rd6"]
[Date "1998.01.25"]
[Round "6.1"]
[White "Wilson, Jon"]
[Black "Norman, Ken"]
[Result "1/2-1/2"]
[WhiteElo "2315"]
[BlackElo "2195"]
[PlyCount "77"]
[EventDate "1998.01.25"]
[Source "4NCL"]
[SourceDate "1998.01.01"]

1. d4 Nf6 2. c4 g6 3. Nc3 d5 4. cxd5 Nxd5 5. e4 Nxc3 6. bxc3 c5 7. Nf3 Bg7 8.
Rb1 O-O 9. Be2 cxd4 10. cxd4 Qa5+ 11. Bd2 Qxa2 12. O-O Bg4 13. Bg5 h6 14. Be3
Nd7 15. h3 Bxf3 16. Bxf3 Nb6 17. d5 Nc4 18. Bd4 Nd2 19. Rb2 Nxf3+ 20. gxf3 Qa6
21. Bxg7 Kxg7 22. Qd4+ Kg8 23. e5 Rfd8 24. Rd1 Rd7 25. Rbd2 Rad8 26. Qe4 Kg7
27. d6 exd6 28. exd6 Qc6 29. Rd5 Qc3 30. R1d4 b6 31. h4 h5 32. Qf4 Qe1+ 33. Kg2
Qe6 34. Qd2 Kg8 35. Re4 Qf6 36. Rf4 Qe6 37. Re4 Qf6 38. Rf4 Qe6 39. Re4 1/2-1/2

[Event "NCL978b Coulsdon-Guildford2"]
[Site "Rd6"]
[Date "1998.01.25"]
[Round "6.2"]
[White "James, Russell"]
[Black "Rosen, Daniel"]
[Result "1/2-1/2"]
[WhiteElo "2110"]
[BlackElo "2225"]
[PlyCount "75"]
[EventDate "1998.01.25"]
[Source "4NCL"]
[SourceDate "1998.01.01"]

1. e4 g6 2. d4 Bg7 3. Nc3 d6 4. Be3 c6 5. a4 Nd7 6. Bc4 d5 7. exd5 Nb6 8. Qe2
Nxd5 9. Nxd5 cxd5 10. Bb5+ Bd7 11. Nf3 Nf6 12. Ne5 O-O 13. Nxd7 Nxd7 14. O-O a6
15. Bd3 Qc7 16. Qf3 e6 17. c3 Nb6 18. Bf4 Qc6 19. a5 Nc4 20. Qe2 Rfe8 21. Rfe1
Rac8 22. Bxc4 Qxc4 23. Qxc4 Rxc4 24. Kf1 f6 25. Bd6 Kf7 26. f4 Rc6 27. Bb4 Bh6
28. g3 g5 29. f5 g4 30. Kg2 e5 31. dxe5 fxe5 32. Rad1 d4 33. Re4 Kf6 34. Rxg4
Kxf5 35. Rh4 Kg6 36. Rg4+ Kf5 37. Rh4 Kg6 38. Rg4+ 1/2-1/2

[Event "NCL978b Coulsdon-Guildford2"]
[Site "Rd6"]
[Date "1998.01.25"]
[Round "6.3"]
[White "Moore, Gerald"]
[Black "Shepley, Julien"]
[Result "1/2-1/2"]
[WhiteElo "2215"]
[BlackElo "2180"]
[PlyCount "51"]
[EventDate "1998.01.25"]
[Source "4NCL"]
[SourceDate "1998.01.01"]

1. e4 d5 2. exd5 Nf6 3. Nf3 Nxd5 4. d4 g6 5. Be2 Bg7 6. O-O O-O 7. Re1 c5 8.
dxc5 Na6 9. Bxa6 bxa6 10. c3 Rb8 11. Nbd2 Nf4 12. Nb3 Qxd1 13. Rxd1 Ne2+ 14.
Kf1 Nxc1 15. Raxc1 Be6 16. Rc2 Rfc8 17. Ke1 Rxb3 18. axb3 Bxb3 19. Rcd2 Bxd1
20. Kxd1 Rxc5 21. Rd7 Bf6 22. Rxa7 Rc6 23. Kc2 Re6 24. Kd3 Rd6+ 25. Kc2 Re6 26.
Kd3 1/2-1/2

[Event "NCL978b Coulsdon-Guildford2"]
[Site "Rd6"]
[Date "1998.01.25"]
[Round "6.4"]
[White "Singleton, Michael"]
[Black "Hammond, Andy"]
[Result "1-0"]
[WhiteElo "2080"]
[BlackElo "2200"]
[PlyCount "61"]
[EventDate "1998.01.25"]
[Source "4NCL"]
[SourceDate "1998.01.01"]

1. d4 f5 2. Bg5 g6 3. Nc3 Bg7 4. e4 fxe4 5. Nxe4 d5 6. Ng3 c5 7. Nf3 Nc6 8. c3
Qb6 9. Bd3 Bg4 10. dxc5 Qxb2 11. O-O Nf6 12. Qa4 Bxf3 13. gxf3 Qxc3 14. Bb5 O-O
15. Bxc6 bxc6 16. Qxc6 Qxf3 17. Rae1 Ng4 18. Rxe7 Nxf2 19. Qe6+ Kh8 20. Be3 Rf6
21. Qd7 Raf8 22. Bxf2 R6f7 23. c6 Rxe7 24. Qxe7 Qc3 25. c7 h5 26. Ne2 Qc4 27.
Rc1 Qg4+ 28. Bg3 Bd4+ 29. Nxd4 Qxd4+ 30. Kg2 Qd2+ 31. Kh3 1-0

[Event "NCL978b Coulsdon-Guildford2"]
[Site "Rd6"]
[Date "1998.01.25"]
[Round "6.5"]
[White "Gunter, David"]
[Black "Punnett, Alan"]
[Result "1/2-1/2"]
[WhiteElo "2185"]
[BlackElo "2100"]
[PlyCount "78"]
[EventDate "1998.01.25"]
[Source "4NCL"]
[SourceDate "1998.01.01"]

1. d4 Nf6 2. Bg5 e6 3. e4 c5 4. d5 d6 5. Nc3 Nbd7 6. dxe6 fxe6 7. Nf3 Be7 8.
Bc4 Nb6 9. Bb5+ Bd7 10. Bxf6 gxf6 11. Nh4 Bxb5 12. Nxb5 a6 13. Nc3 Kd7 14. Qe2
Qg8 15. g3 Kc7 16. Ng2 Qf7 17. O-O-O Rhe8 18. Ne3 Rad8 19. f4 Bf8 20. Qf3 Bh6
21. Kb1 Nc8 22. Ng4 Bg7 23. f5 exf5 24. Nd5+ Kb8 25. Qxf5 Ne7 26. Nxe7 Rxe7 27.
Qxh7 Qe6 28. Nf2 d5 29. Qh5 Red7 30. Rhe1 dxe4 31. Rxd7 Qxd7 32. Rd1 Qe7 33.
Rxd8+ Qxd8 34. Nxe4 Qd4 35. Qe8+ Ka7 36. a3 Qd1+ 37. Ka2 Qd5+ 38. Kb1 Qd1+ 39.
Ka2 Qd5+ 1/2-1/2

[Event "NCL978b Coulsdon-Guildford2"]
[Site "Rd6"]
[Date "1998.01.25"]
[Round "6.6"]
[White "Erichsen, D."]
[Black "McGrath, J."]
[Result "1/2-1/2"]
[WhiteElo "1872"]
[BlackElo "2072"]
[PlyCount "41"]
[EventDate "1998.01.25"]
[Source "4NCL"]
[SourceDate "1998.01.01"]

1. e4 Nf6 2. e5 Nd5 3. d4 d6 4. Nf3 Bg4 5. Bc4 e6 6. O-O Be7 7. Bxd5 exd5 8.
Bf4 O-O 9. c3 dxe5 10. Bxe5 c6 11. Nbd2 Bd6 12. Qb3 b6 13. c4 Be6 14. c5 Bxe5
15. Nxe5 f6 16. cxb6 axb6 17. Nd3 Nd7 18. Rac1 Rc8 19. Rfe1 Bf7 20. Qa3 Qc7 21.
Nf1 1/2-1/2

[Event "NCL978b Coulsdon-Guildford2"]
[Site "Rd6"]
[Date "1998.01.25"]
[Round "6.7"]
[White "De Coverly, Roger"]
[Black "Bimbatti, Gian"]
[Result "1/2-1/2"]
[WhiteElo "2090"]
[BlackElo "1808"]
[PlyCount "107"]
[EventDate "1998.01.25"]
[Source "4NCL"]
[SourceDate "1998.01.01"]

1. d4 Nf6 2. Bg5 e6 3. e4 c5 4. e5 h6 5. Bc1 Nd5 6. c4 Nb6 7. dxc5 Bxc5 8. Qg4
Bf8 9. Nf3 Nc6 10. Be2 d5 11. O-O Qc7 12. Nc3 a6 13. Bf4 g5 14. Bg3 Be7 15.
cxd5 exd5 16. e6 Bd6 17. Bxd6 Qxd6 18. exf7+ Kxf7 19. Qh5+ Kg7 20. Rad1 Bf5 21.
Bd3 Bxd3 22. Rxd3 Rae8 23. h4 Ne5 24. Nxe5 Rxe5 25. Rg3 Qg6 26. Qd1 Kh7 27. h5
Qf6 28. Qd3+ Kg7 29. Rf3 Qe6 30. Qd4 Rf8 31. Re3 Nd7 32. Rxe5 Qxe5 33. Qxd5
Qxd5 34. Nxd5 Nf6 35. Nxf6 Rxf6 {(Draw offer)} 36. Rd1 Rb6 37. Rd7+ Kf6 38. b3
g4 39. Kh2 Rb4 40. Kg3 b6 41. f4 gxf3 42. Kxf3 a5 {(Draw offer)} 43. g4 a4 44.
bxa4 Rxa4 45. Rd6+ Kg7 46. Rxb6 Rxa2 47. Rg6+ Kh7 48. Kf4 Rf2+ 49. Ke5 Ra2 50.
Rd6 Re2+ 51. Kf6 Rf2+ 52. Ke7 Rf4 53. Rg6 Ra4 54. Kf7 1/2-1/2

[Event "NCL978b Coulsdon-Guildford2"]
[Site "Rd6"]
[Date "1998.01.25"]
[Round "6.8"]
[White "Lusher, Claire"]
[Black "Turvey, Syringa"]
[Result "1-0"]
[WhiteElo "1784"]
[BlackElo "1552"]
[PlyCount "77"]
[EventDate "1998.01.25"]
[Source "4NCL"]
[SourceDate "1998.01.01"]

1. e4 c5 2. Nc3 d6 3. f4 e6 4. Nf3 g6 5. d4 b6 6. Bb5+ Bd7 7. O-O Bxb5 8. Nxb5
a6 9. Nc3 Bg7 10. Be3 Ne7 11. Qd2 f5 12. e5 dxe5 13. dxe5 Qxd2 14. Nxd2 Nbc6
15. Nc4 Nc8 16. Rad1 O-O 17. Nxb6 Nxb6 18. Bxc5 Nc4 19. b3 N4a5 20. Bxf8 Bxf8
21. Na4 Nb7 22. c3 Nc5 23. Nxc5 Bxc5+ 24. Kh1 Ra7 25. Rf3 Kf8 26. Rfd3 Ke8 27.
b4 Bf8 28. a3 Rc7 29. c4 h6 30. c5 Ke7 31. Rd6 g5 32. g3 Ke8 33. Rxe6+ Kf7 34.
Rf6+ Ke7 35. Rxf5 gxf4 36. gxf4 Bg7 37. Rd6 Nb8 38. Rb6 Rc8 39. e6 1-0

[Event "NCL978b Barbican2-Invicta2"]
[Site "Rd7"]
[Date "1998.03.21"]
[Round "7.1"]
[White "Rogers, Jonathan"]
[Black "Vigus, James"]
[Result "1/2-1/2"]
[WhiteElo "2335"]
[BlackElo "2260"]
[PlyCount "53"]
[EventDate "1998.03.21"]

1. e4 d6 2. d4 Nf6 3. Nc3 g6 4. Be3 Bg7 5. Qd2 c6 6. Nf3 Bg4 7. Be2 Qc7 8. h3
Bxf3 9. Bxf3 Nbd7 10. Ne2 e5 11. Ng3 d5 12. exd5 Nxd5 13. Bxd5 cxd5 14. O-O O-O
15. dxe5 Nxe5 16. Qxd5 Rfd8 17. Qb3 Nc4 18. Bg5 Rd5 19. Ne4 Qc6 20. Rfe1 Rb5
21. Qf3 Rf5 22. Qg4 Nxb2 23. Rab1 Qxc2 24. Qe2 Qxe2 25. Rxe2 Nd3 26. Rxb7 Nc5
27. Nxc5 1/2-1/2

[Event "NCL978b Barbican2-Invicta2"]
[Site "Rd7"]
[Date "1998.03.21"]
[Round "7.2"]
[White "Alfred, Nathan"]
[Black "Lewis, Andrew"]
[Result "1/2-1/2"]
[WhiteElo "2225"]
[BlackElo "2290"]
[PlyCount "135"]
[EventDate "1998.03.21"]

1. e4 c5 2. Nf3 Nc6 3. Bb5 g6 4. O-O Bg7 5. c3 Nf6 6. Re1 O-O 7. h3 a6 8. Bf1
e5 9. d4 cxd4 10. cxd4 d5 11. exd5 Nxd5 12. dxe5 Ndb4 13. Qxd8 Rxd8 14. Na3 Be6
15. Bg5 Re8 16. Rad1 b5 17. Bd3 {(Draw offer)} Nxd3 18. Rxd3 Bxa2 19. Nc2 Nxe5
20. Nxe5 Rxe5 21. Be3 Bc4 22. Rd7 Be6 23. Rb7 Re4 24. Rb1 Rc4 25. Ne1 Bf5 26.
Rd1 Bxb2 27. g4 Be6 28. Nf3 Rcc8 29. Ng5 Rd8 30. Rxd8+ Rxd8 31. Ra7 Bd5 32. h4
h6 33. Nh3 Bf3 34. g5 h5 35. Rxa6 b4 36. Nf4 Bc3 37. Rb6 Be4 38. Ne2 Rd1+ 39.
Kh2 Be5+ 40. f4 Re1 41. Ng3 Bc7 42. Rxb4 {(Draw offer)} Rxe3 43. Rxe4 Rxe4 44.
Nxe4 Bxf4+ 45. Kg2 Be5 46. Kf3 Kf8 47. Nc5 Bc3 48. Nd3 {(Draw offer)} Ke7 49.
Nf4 Bd2 50. Ng2 Kd6 51. Ke4 Ke6 52. Kd3 Bxg5 53. hxg5 Kf5 54. Ke3 Kxg5 55. Kf3
h4 56. Ne3 f6 57. Nd5 f5 58. Nf4 Kf6 59. Nd5+ Ke5 60. Ne3 g5 61. Nc4+ Ke6 62.
Ne3 h3 63. Nd1 Ke5 64. Nf2 g4+ 65. Kg3 Kd4 66. Kf4 h2 67. Nh1 Kd3 68. Kxf5
1/2-1/2

[Event "NCL978b Barbican2-Invicta2"]
[Site "Rd7"]
[Date "1998.03.21"]
[Round "7.3"]
[White "Manley, Jon"]
[Black "Hanreck, Alan"]
[Result "0-1"]
[WhiteElo "2200"]
[BlackElo "2255"]
[PlyCount "86"]
[EventDate "1998.03.21"]

1. e4 c5 2. Nc3 Nc6 3. f4 g6 4. Nf3 Bg7 5. Bb5 Nd4 6. O-O e6 7. Nxd4 cxd4 8.
Ne2 Ne7 9. d3 O-O 10. Ba4 d6 11. Bb3 Kh8 12. c3 dxc3 13. bxc3 Bd7 14. Be3 Qa5
15. Qe1 Bb5 {(Draw offer)} 16. Rd1 Qa6 17. c4 Bd7 18. Qh4 f6 19. Rf3 e5 20. f5
g5 21. Qg4 Be8 22. Rh3 Qc6 23. Nc3 a6 24. a4 Bf7 25. Rf1 Bg8 26. Qe2 Qc7 27.
Qh5 h6 28. Bxg5 Bf7 29. Qg4 fxg5 30. Qxg5 Ng8 31. f6 Qb6+ 32. Kh1 Bg6 33. Qxg6
Rxf6 34. Rxf6 Nxf6 35. Bd1 Qb4 36. d4 exd4 37. e5 dxe5 38. Rg3 Rg8 39. Bc2 dxc3
40. Rf3 Qb2 41. h4 e4 42. Rf2 Qc1+ 43. Kh2 Ng4+ 0-1

[Event "NCL978b Barbican2-Invicta2"]
[Site "Rd7"]
[Date "1998.03.21"]
[Round "7.4"]
[White "Farndon, David"]
[Black "Twyble, Michael"]
[Result "1/2-1/2"]
[WhiteElo "2250"]
[BlackElo "2205"]
[PlyCount "33"]
[EventDate "1998.03.21"]

1. d4 e6 2. c4 f5 3. Nf3 Nf6 4. Nc3 d5 5. Bg5 c6 6. e3 Be7 7. Bd3 O-O 8. Qc2 b6
9. cxd5 cxd5 10. Rc1 Bb7 11. Ne5 Nbd7 12. Nxd7 Qxd7 13. Qa4 Bc6 14. Bb5 Rfc8
15. O-O a6 16. Bxc6 Qxc6 17. Qxc6 1/2-1/2

[Event "NCL978b Barbican2-Invicta2"]
[Site "Rd7"]
[Date "1998.03.21"]
[Round "7.5"]
[White "Kenworthy, Gary"]
[Black "Taylor, Peter P"]
[Result "1-0"]
[WhiteElo "2265"]
[BlackElo "2180"]
[PlyCount "77"]
[EventDate "1998.03.21"]

1. e4 c5 2. Nf3 d6 3. d4 cxd4 4. Nxd4 Nf6 5. Nc3 a6 6. f4 Nbd7 7. Nf3 g6 8. e5
dxe5 9. fxe5 Ng4 10. e6 fxe6 11. Ng5 Nde5 12. Qxd8+ Kxd8 13. h3 Nh6 14. Bf4
Nhf7 15. O-O-O+ Ke8 16. Bb5+ axb5 17. Nxb5 Bh6 18. Nc7+ Kf8 19. Rhf1 Bxg5 20.
Bxg5 h6 21. Bf4 Nd3+ 22. Rxd3 Rxa2 23. Kb1 Ra5 24. g4 Kg8 25. b4 Ra4 26. Bd2
Rh7 27. c4 Nd6 28. c5 Rf7 29. Re1 Nc4 30. Bc3 Rf2 31. Rd8+ Kf7 32. Rxc8 Raa2
33. Nb5 Na3+ 34. Nxa3 Rxa3 35. Re3 Rb3+ 36. Kc1 Rf1+ 37. Kc2 Rbb1 38. Kd3 Rbd1+
39. Kc4 1-0

[Event "NCL978b Barbican2-Invicta2"]
[Site "Rd7"]
[Date "1998.03.21"]
[Round "7.6"]
[White "Gurr, Lyndon"]
[Black "Sands, David"]
[Result "0-1"]
[WhiteElo "2208"]
[BlackElo "2255"]
[PlyCount "70"]
[EventDate "1998.03.21"]

1. d4 d5 2. Nf3 Nf6 3. c4 c6 4. Nc3 e6 5. Bg5 h6 6. Bh4 dxc4 7. a4 Bb4 8. e3 b5
9. Nd2 Bb7 10. Qf3 Qe7 11. Nde4 Nbd7 12. axb5 cxb5 13. Nd6+ Qxd6 14. Qxb7 Qd5
15. Qxd5 exd5 16. f3 a6 17. Kf2 O-O 18. Be2 Rfe8 19. g4 Bd6 20. g5 hxg5 21.
Bxg5 b4 22. Na4 a5 23. Rhg1 Kh8 24. h4 Nh5 25. e4 Nf4 26. Bxf4 Bxf4 27. Rg4 Bd2
28. exd5 Nf6 29. Rg2 c3 30. Nb6 cxb2 31. Rb1 Be3+ 32. Kf1 Rab8 33. Nc4 Bxd4 34.
Nxb2 Nxd5 35. Rg5 Nc3 0-1

[Event "NCL978b Barbican2-Invicta2"]
[Site "Rd7"]
[Date "1998.03.21"]
[Round "7.7"]
[White "Reuben, Stewart"]
[Black "Donovan, Nigel"]
[Result "1-0"]
[WhiteElo "2230"]
[BlackElo "2135"]
[PlyCount "71"]
[EventDate "1998.03.21"]

1. c4 c5 2. g3 g6 3. Bg2 Bg7 4. Nc3 Nc6 5. e3 e5 6. Nge2 Nge7 7. Nb5 O-O 8. Nd6
Qc7 9. Nxc8 Raxc8 10. O-O f5 11. d3 a6 12. Nc3 d6 13. Bd2 Rb8 14. a3 b5 15.
cxb5 axb5 16. Qb3+ Kh8 17. Nxb5 Qb6 18. a4 Na7 19. Qe6 Nxb5 20. axb5 Rfe8 21.
Bc3 Qxb5 22. Qxd6 Rbd8 23. Qc7 Rc8 24. Qb7 Qxd3 25. Rfd1 Qc4 26. Rd7 Qe6 27.
Ra6 Qf7 28. Ra7 Bf6 29. f4 Rb8 30. Qa6 Rbd8 31. fxe5 Bg7 32. e6 Qf8 33. Qd6
Bxc3 34. bxc3 Qh6 35. Rxd8 Qxe3+ 36. Kf1 1-0

[Event "NCL978b Barbican2-Invicta2"]
[Site "Rd7"]
[Date "1998.03.21"]
[Round "7.8"]
[White "Richards, Heather"]
[Black "Kieran, Rosalind"]
[Result "1/2-1/2"]
[WhiteElo "1880"]
[BlackElo "1840"]
[PlyCount "100"]
[EventDate "1998.03.21"]

1. e4 c5 2. c3 Nf6 3. e5 Nd5 4. d4 cxd4 5. Nf3 Nc6 6. cxd4 d6 7. a3 g6 8. Bd3
Bg7 9. O-O O-O 10. Re1 Bg4 11. Be4 dxe5 12. dxe5 e6 13. Nc3 Nxc3 14. Qxd8 Rfxd8
15. bxc3 Bxf3 16. Bxf3 Bxe5 17. Bg5 Bxc3 18. Bxd8 Bxa1 19. Rxa1 Rxd8 20. Rb1
Na5 21. g3 b6 22. Kg2 Rd3 23. a4 Rd4 24. Ra1 Nb3 25. Ra3 Na5 26. Ra2 Kf8 27.
Ra1 Ke7 28. Be2 Nb3 29. Rb1 Na5 30. Bb5 Nb7 31. Rc1 Nc5 32. a5 Rb4 33. axb6
axb6 34. Be2 e5 35. Ra1 Ra4 36. Rb1 Re4 37. Bf3 Rd4 38. Rxb6 Nd7 39. Rb3 Ke6
40. Bc6 Nc5 41. Rc3 {(Draw offer)} Kd6 42. Be8 Ne4 43. Rc2 Ke7 44. Bc6 Nd6 45.
Re2 Kf6 46. Ra2 Rc4 47. Ra6 Ke7 48. Ra7+ {(Draw offer)} Kf8 49. Ra6 Rd4 50. Ra3
Rc4 1/2-1/2